|
|
|
|
| LEADER |
02278nem a2200445 a 4500 |
| 001 |
001065803 |
| 003 |
CZ BrMZK |
| 005 |
20140611161932.0 |
| 007 |
aj|ca||| |
| 008 |
080912s1888 au |||||||a|||r|0|||gerod |
| 034 |
1 |
|
|a a
|b 400000
|d E0151824
|e E0185312
|f N0503048
|g N0483656
|
| 040 |
|
|
|a BOA001
|b cze
|
| 041 |
0 |
|
|a ger
|a cze
|
| 043 |
|
|
|a e-xr---
|b e-xr-mr
|2 czenas
|
| 072 |
|
7 |
|a 371
|x Školství (organizace)
|2 Konspekt
|9 22
|
| 072 |
|
7 |
|a 912
|x Mapy. Atlasy. Glóby
|2 Konspekt
|9 7
|
| 080 |
|
|
|a (437.32)
|2 MRF
|
| 080 |
|
|
|a (437.322)
|2 MRF
|
| 080 |
|
|
|a (084.3)
|2 MRF
|
| 245 |
0 |
0 |
|a Darstellung des Standes der öffentl. Volksschulen in Mähren im Jahre 1888
|h [kartografický dokument] =
|b Zobrazení stavu veřej. škol obecných na Moravě v roce 1888
|
| 246 |
3 |
1 |
|a Zobrazení stavu veřej. škol obecných na Moravě v roce 1888
|
| 255 |
|
|
|a Měřítko [ca 1:400 000]
|c (015°18´24" v.d.--018°53´12" v.d./050°30´48" s.š.--048°36´56" s.š.)
|
| 260 |
|
|
|a in Wien :
|b Druck des k.k. milit. geogr. Institutes,
|c [1888?]
|
| 300 |
|
|
|a 1 mapa :
|b litografie, barev. ;
|c 61 x 85 cm na listu 71 x 96 cm
|
| 500 |
|
|
|a Výzdoba: v levém horním rohu název a legenda, v pravém horním rohu pole s přehledem škol, v pravém dolním rohu mapa Brna, vloženo do ozdobného rámce, v mapovém rámci geografické souřadnice (Ferro)
|5 CZ-BrMZK
|
| 500 |
|
|
|a Roubík, F.: Soupis map českých zemí neuvádí
|
| 500 |
|
|
|a Dostupné též v digitalni podobě v aplikaci Kramerius
|
| 500 |
|
|
|a Mapa zastřižena podle rámce
|5 CZ-BrMZK
|
| 505 |
0 |
0 |
|t Brünn =
|t Brno.
|g 10 x 14 cm. [(016°33´16" v.d.--016°39´54" v.d./049°14´00" s.š.--049°10´06" s.š.)]
|
| 561 |
|
|
|a Provenience: (razítko) Zemská knihovna moravská
|5 CZ-BrMZK
|
| 650 |
0 |
7 |
|a základní školy
|7 ph116795
|2 czenas
|
| 655 |
|
4 |
|a mapy školství
|
| 655 |
|
4 |
|a národnostní mapy
|
| 651 |
|
7 |
|a Brno (Česko)
|7 ge134084
|2 czenas
|
| 651 |
|
7 |
|a Morava (Česko)
|7 ge130070
|2 czenas
|
| 710 |
1 |
|
|a Rakousko-Uhersko.
|b Militärgeographisches Institut
|7 kn20060405003
|
| 856 |
4 |
1 |
|u http://www.digitalniknihovna.cz/mzk/uuid/uuid:fb385ea0-df58-4766-b960-d6ae5eb0cac5
|y Digitalizovaný dokument (exemplář s čárovým kódem 2610484267)
|
| 910 |
|
|
|a BOA001
|b Mpa-1211.668
|
| 990 |
|
|
|a MP
|
| 991 |
|
|
|b 201108
|p TEMAP 2012/1
|